00402nam a2200193Ia 4500003000900000008004100009040001300050040001300063041000800076100002500084245003300109250000900142260000800151260000900159300001100168300001200179490001100191490000600202IT-RoPAU120407s9999 xx 000 0 und d aIT-RoPAU cIT-RoPAU aita aGiuseppe Dalla Torre aAzione cattolica e fascismo. aRoma aAve c1981 a144 p. c18,5 cm aMinima v2